| 000 | 00376nam a22001577a 4500 | ||
|---|---|---|---|
| 003 | SGT | ||
| 020 | _a978-81--265-4160-7 | ||
| 082 |
_a620.11 _bBAL |
||
| 100 | _aBALASUBRAMANIAM,R | ||
| 245 | _aCALLISTER'S MATERIALS SCIENCE AND ENGINEERING. | ||
| 250 | _a2ND | ||
| 260 |
_aNEW DELHI _bWILEY _c2017 |
||
| 300 | _a717 | ||
| 650 | _aMECHANICAL ENGINEERING | ||
| 942 |
_2ddc _cBK _06 |
||
| 999 |
_c14665 _d14665 |
||